000 00704cab a2200217 4500
001 X93268
008 090401t1998 xxu||||| |||| 00| 0 eng d
035 _a(Sirsi) u87832
041 _aeng
245 _aP.J. Jones v P. B. Gospel and White
260 _c1998
350 _a0
490 _aNew Property Cases
_v1998 NPC 108
520 _aCA 25 June 1998. A strong restatement of a land owner`s rights to recover possession against a trespasser. NB NO PHOTOCOPYING ALLOWED.
650 _aLANDOWNER
650 _aREASONABLE ACCESS
650 _aTRESPASSING
690 _aPROPERTY-RESIDENTIAL PROPERTY-RESIDENTIAL LANDLORD AND TENANT-RESIDENTIAL TENANCIES
942 _n0
948 _c05/08/1998
999 _c55431
_d55431